Normal view
MARC view
- Archana A
Entry Personal Name
001 - CONTROL NUMBER
- control field: 6211
003 - CONTROL NUMBER IDENTIFIER
- control field: OSt
005 - DATE AND TIME OF LATEST TRANSACTION
- control field: 20240626122201.0
008 - FIXED-LENGTH DATA ELEMENTS
- fixed length control field: 240626|| aca||aabn | a|a d
040 ## - CATALOGING SOURCE
- Original cataloging agency: OSt
- Transcribing agency: OSt
100 ## - HEADING--PERSONAL NAME
- Personal name: Archana A
670 ## - SOURCE DATA FOUND
- Source citation: Work cat.: (OSt)18090: Archana I B 6208, Planning and estimation of pilot project on agrivoltaic system for RARS Pattambi /, 2024.
